| 000 | 00419nam a2200133Ia 4500 | ||
|---|---|---|---|
| 005 | 20260328101513.0 | ||
| 008 | 260328s9999||||xx |||||||||||||| ||und|| | ||
| 100 | _aArango, Jorge | ||
| 245 | 0 |
_aArquitectura en Colombia : _b Arquitectura Colonial 1538 - 1810 y Arquitectura Contemporánea en cinco Años 1946 - 1951 / _cJorge Arango |
|
| 260 | _bProa | ||
| 300 | _a127 p. | ||
| 650 | _aARQUITECTURA REGIONAL | ||
| 942 | _cBK | ||
| 999 |
_c9274 _d9274 |
||